MARC

LEADER 00000nam0a2200000 4500
001 287674
005 20231102000019.0
020 |a RU  |b 85-71120 
035 |a (RuTPU)RU\TPU\book\312097 
090 |a 287674 
100 |a 20150318d1985 k y0rusy5003 ca 
101 0 |a rus 
102 |a BY 
105 |a y z 001zy 
200 1 |a Философско-методологические проблемы взаимодействия наук  |f Академия наук Белорусской ССР (АН БССР), Институт философии и права, под ред. Е. М. Бабосова 
210 |a Минск  |c Наука и техника  |d 1985 
215 |a 279 с.  |c ил. 
300 |a Авт. указаны на обороте тит. л. 
320 |a Библиография в ссылках. 
606 1 |a Науки  |x Взаимодействие  |x Философские проблемы  |2 stltpush  |3 (RuTPU)RU\TPU\subj\45097  |9 64359 
610 1 |a философские проблемы 
610 1 |a методология 
610 1 |a социально-культурные аспекты 
610 1 |a методологический анализ 
610 1 |a научная картина мира 
610 1 |a прикладные исследования 
610 1 |a фундаментальные исследования 
610 1 |a логические формы 
610 1 |a интеграция 
610 1 |a биомеханика 
610 1 |a естественные науки 
610 1 |a общественные науки 
686 |a Ю251.23  |2 rubbk 
702 1 |a Бабосов  |b Е. М.  |g Евгений Михайлович  |4 340 
712 0 2 |a Академия наук Белорусской ССР (АН БССР)  |b Институт философии и права  |2 stltpush  |3 (RuTPU)RU\TPU\col\11901 
801 0 |a RU  |b RuMRKP  |c 19950704  |g psbo 
801 1 |a RU  |b 63413507  |c 20150318 
801 2 |a RU  |b 63413507  |c 20171116  |g RCR 
942 |c BK